| 000 | 01189cam a2200241 i 4500 | ||
|---|---|---|---|
| 999 |
_c43567 _d43567 |
||
| 001 | 19599691 | ||
| 005 | 20180924112650.0 | ||
| 008 | 170417s2017 miu b 001 0 eng | ||
| 010 | _a 2017013257 | ||
| 020 | _a9780801049620 | ||
| 100 | 1 |
_aKim, Matthew D., _d1977- _eauthor. |
|
| 245 | 1 | 0 |
_aPreaching with cultural intelligence : _bunderstanding the people who hear our sermons / _cMatthew D. Kim. |
| 260 |
_aGrand Rapids : _bBaker Academic, a division of Baker Publishing Group, _cc2017. |
||
| 300 |
_axvi, 269 p. ; _c23 cm |
||
| 336 | _atext | ||
| 337 | _aunmediated | ||
| 338 | _avolume | ||
| 504 | _aIncludes bibliographical references and index. | ||
| 505 | 0 | _aCultural intelligence in theory -- Preaching and cultural intelligence -- The homiletical template -- Hermeneutics and cultural intelligence -- Exegeting the preacher -- Cultural intelligence in practice -- Preaching and denominations -- Preaching and ethnicities -- Preaching and genders -- Preaching and locations -- Preaching and religions -- The homiletical template -- Worksheet for understanding culture -- Sample sermon. | |
| 650 | 0 | _aPreaching. | |
| 650 | 0 | _aChristianity and culture. | |
| 942 |
_2lcc _cBK |
||